000 00583nam a2200229Ia 4500
003 OSt
005 20220918175948.0
006 a|||||r|||| 00| 0
007 ta
008 220917b |||||||| |||| 00| 0 eng d
024 _a19,986
037 _cTextual
040 _aARTS
_cARTS
_beng
041 _2eng
_aeng
082 _aO:3K89:2, J1;3
100 _aRichardson Samuel
_955349
245 0 _aClarissa, Everman's library
260 _c1951
650 _aENGLISH LITERATURE
942 _hO:3K89:2, J1;3
_cTEXL
_2CC
999 _c159779
_d159779